Financial Derivatives: Markets and Applications (Record no. 43504)

MARC details
000 -LEADER
fixed length control field 00505nam a22001817a 4500
005 - DATE AND TIME OF LATEST TRANSACTION
control field 20250409162839.0
008 - FIXED-LENGTH DATA ELEMENTS--GENERAL INFORMATION
fixed length control field 250401b |||||||| |||| 00| 0 eng d
020 ## - INTERNATIONAL STANDARD BOOK NUMBER
International Standard Book Number 9798886130621
041 ## - LANGUAGE CODE
Language code of text/sound track or separate title eng
082 ## - DEWEY DECIMAL CLASSIFICATION NUMBER
Classification number 332.632 BAC
100 ## - MAIN ENTRY--PERSONAL NAME
Author Bacha, Obiyathulla Ismath
245 ## - TITLE STATEMENT
Title Financial Derivatives: Markets and Applications
250 ## - EDITION STATEMENT
Edition statement 5th
260 ## - PUBLICATION, DISTRIBUTION, ETC.
Place London
Publisher World Scientific Publishing Co. Pte. Ltd
Publication Year 2024
300 ## - PHYSICAL DESCRIPTION
Extent 537;. Pages:27 cm
650 ## - SUBJECT ADDED ENTRY--TOPICAL TERM
Subject Financial Derivatives
942 ## - ADDED ENTRY ELEMENTS (KOHA)
Koha item type Books
Holdings
Withdrawn status Lost status Source of classification or shelving scheme Damaged status Not for loan Home library Current library Shelving location Accession Date Vendor Price Bill number Total Checkouts Full call number Barcode No Date last seen Date last checked out Discount Bill Date Koha item type Suggested By
    Dewey Decimal Classification     IMTN IMTN Rack 10-A 03/28/2025 Raghav Books Private Limited 2299.00 2374 1 332.632 BAC 33911 07/13/2025 07/02/2025 30 02/14/2025 Books Himanshu Shekhar (2023418)
Designed & Maintained by: LRC IMT Nagpur Contact: lrc@imtnag.ac.in© 2024. All Rights Reserved.